Ekstraklasa sezon: 2008/2009 - Statystyki

Ogólne statystyki
  • Ten quiz został rozwiązany 164 razy
  • Średni wynik to 13 z 16
Statystyki odpowiedzi
Miejsce w tabeli drużyna % Poprawnych
3 Lech Poznań
99%
2 Legia Warszawa
99%
1 Wisła Krakow
95%
11 Lechia Gdańsk
91%
15 Górnik Zabrze
88%
6 Śląsk Wrocław
87%
14 Cracovia
86%
9 Ruch Chorzów
86%
8 Jagiellonia Białystok
85%
13 Arka Gdynia
84%
16 ŁKS Łódź
82%
4 Polonia Warszawa
81%
10 Piast Gliwice
71%
5 GKS Bełchatów
63%
7 Polonia Bytom
62%
12 Odra Wodzisław
59%
Nie znaleziono quizów pasujących do podanych kryteriów
Rozkład punktacji
Procent ludzi z każdym wynikiem
Percentyl według liczby udzielonych odpowiedzi
Twoja historia wyników
Nie rozwiązałeś tego quizu